00341nam a2200133Ia 4500008004100000041000800041082001200049100001700061245004500078260003400123300003300157365001100190440000600201240624s9999 xx 000 0 und d aeng a320 ICS aVANAIK ACHIN aPOLITICAL SCIENCE ICSSR RESEARCH SURVEYS c2014aNew DelhibOxford India axxxix, : 175 : p. : cm. ; 24 cRSb31 v4